| 000 | 00548cam a2200205 4500 | ||
|---|---|---|---|
| 001 | H28 | ||
| 008 | 090401t1981 xxu||||| |||| 00| 0 eng d | ||
| 035 | _a(Sirsi) u36519 | ||
| 041 | _aeng | ||
| 050 | _a696.9 | ||
| 100 | _aWozniak, S.J. | ||
| 245 | _aCost and performance of solar water heating systems in the UK | ||
| 260 |
_aGarston, Watford _bBuilding Research Establishment _c1981 |
||
| 300 | _a4p. ; 30cm. | ||
| 350 | _a0 | ||
| 490 |
_aBRE Information Paper _v14/81 s |
||
| 650 | _aDOMESTIC HEATING | ||
| 942 | _n0 | ||
| 948 | _c04/03/1997 | ||
| 999 |
_c90314 _d90314 |
||